000 00278nam a2200109Ia 4500
008 200302s9999 xx 000 0 und d
100 _aFrancis Ferguson
245 _aArchitecture Cities and the Systems Approach
260 _bGeorge Braziller
260 _c1975
300 _a168 P.,
999 _c5621
_d5621